| 000 | 00603cab a2200205 4500 | ||
|---|---|---|---|
| 001 | WB3236-47 | ||
| 008 | 090401t1996 xxu||||| |||| 00| 0 eng d | ||
| 035 | _a(Sirsi) u8137 | ||
| 041 | _aeng | ||
| 245 | _aRail privatisation | ||
| 260 | _c1996 | ||
| 300 | _aLOAN | ||
| 350 | _a0 | ||
| 490 |
_aFinancial Times _v26 September 1996 (4) |
||
| 520 | _aA survey looking at rail privatisation covering the future of the freight business, profiles of train regulators and train operators. | ||
| 650 | _aRAIL PRIVATISATION | ||
| 690 | _aTRANSPORT AND COMMUNICATIONS | ||
| 942 | _n0 | ||
| 948 | _c04/03/1997 | ||
| 999 |
_c4967 _d4967 |
||